00419nam a22000857a 4500999001700000008004100017100001900058245012400077952013200201 c16423d16423170708b xxu||||| |||| 00| 0 eng d aChumba Gladys  aRole of leadership in effective management of human resource: a case study of Kenya Pipeline Company KPC- Nakuru region 00102lcc70932329aKABUbKABUd2017-07-08l3p027313r2019-06-29 00:00:00s2019-06-29w2017-07-08yTHEzundergraduate project